1453 1676 1491 1974 1258 1481 1898 1210 1023 1641 1696 1475 1700 1669 1378 1599 1072 1717 1014 1549 1538 1198 1818 1241 1482 1259 1981 1278 1258 1994 1763 1466 1867 1398 1875 1152 1978 1848 1761 1637 1972 1420 1630 1632 1645 1524 1217 1242 1174 1965 1588 1461 1468 1360 1398 1471 1892 1321 1590 1410 1579 1643 1925 1880 1525 1147 1961 1677 1918 1658 1033 1685 1020 1447 1960 1846 1792 1334 1373 1816 1058 1011 1573 1449 1726 1806 1235 1684 1497 1868 1990 1995 1202 1498 1544 1474 1278 1622 1173 BCNSPRNW ULIB Ver.6.0+V

เปลี่ยนเป็นภาษาไทย

Change to English
 แสดงรายละเอียดบรรณานุกรม
  กลับหน้าหลัก

Brief Record : Get Marc (ISO 2709) : E-mail record : QR code < ปิดหน้าต่าง
LEADER : 00000nam 2200000uu 4500
001    13399126348
003     ULIB
008    180910s2557||||th 000 0 tha d
020    ^a9789740327912
050  4 ^aLB1590.3^bช149ก
100 0  ^aชนาธิป พรกุล
245 10 ^aการสอนกระบวนการคิด :^bทฤษฎีและการนำไปใช้ /^cชนาธิป พรกุล
250    ^aพิมพ์ครั้งที่ 3
260    ^aกรุงเทพฯ :^bสำนักพิมพ์แห่งจุฬาลงกรณ์มหาวิทยาลัย,^c2557
300    ^a454 หน้า :^bภาพประกอบ
650  7 ^aความคิดและการคิด
650  7 ^aทักษะทางการคิด
650  7 ^aการสอน
945    ^p310^l0^i004575
945    ^p310^l0^i004576
945    ^p310^l0^i004577
999    ^aประนอม เกษจรัล
รายการนี้ยังไม่มีแท็ก
คุณยังไม่ได้ล็อกอิน คุณสามารถมีกิจกรรมร่วมกับเว็บไซต์ได้ แต่ต้องล็อกอินก่อน ::
  ล็อกอิน

รายการสื่อสารสนเทศ

ลำดับที่ ประเภท เลขเรียก/บาร์โค้ด สถานที่ สถานะ
1. การศึกษาทั่วไป
หนังสือสำรอง
สถานะ=หนังสือสำรอง
LB1590.3 ช149ก ฉ.1 
  Barcode: 004575
ห้องสมุดวิทยาเขตสวรรค์ประชารักษ์
►หนังสือทั่วไป
บนชั้น
2. การศึกษาทั่วไป
การศึกษาทั่วไป
LB1590.3 ช149ก ฉ.2 
  Barcode: 004576
ห้องสมุดวิทยาเขตสวรรค์ประชารักษ์
►หนังสือทั่วไป
บนชั้น
3. การศึกษาทั่วไป
การศึกษาทั่วไป
LB1590.3 ช149ก ฉ.3 
  Barcode: 004577
ห้องสมุดวิทยาเขตสวรรค์ประชารักษ์
►หนังสือทั่วไป
บนชั้น

รายการใกล้เคียง
    ผู้แต่ง [ชนาธิป พรกุล]

    หัวเรื่อง [ความคิดและการคิด]
    หัวเรื่อง [ทักษะทางการคิด]
    หัวเรื่อง [การสอน]

BibComment


ยังไม่เคยถูกคอมเมนท์

คอมเมนท์ทรัพยากรรายการนี้
  คอมเมนท์: การสอนกระบวนการค..


 Copyright 2026. Bcnsprnw @Library